000 00391nam a2200145Ia 4500
008 230714s9999 xx 000 0 und d
041 _aeng
082 _a621.313
_bKOT
100 _aKothari D.P.
_9126050
245 _aElectric Machines
260 _bTata Mc-graw Hill Pub.
365 _cRs.
_b250.00
700 _aKothari D.P. & Nagrath I.J.
_9185647
906 _dB:47111-Dec-2008
_cSS
_b275
999 _c195916
_d195916